Web-Based Management Information System for EMB Diagnostic Laboratory Clinic – Delia / (Record no. 99795)
[ view plain ]
| 000 -LEADER | |
|---|---|
| fixed length control field | 00956nam a22002177a 4500 |
| 003 - CONTROL NUMBER IDENTIFIER | |
| control field | urs |
| 005 - DATE AND TIME OF LATEST TRANSACTION | |
| control field | 20260407135202.0 |
| 008 - FIXED-LENGTH DATA ELEMENTS--GENERAL INFORMATION | |
| fixed length control field | 260407b |||||||| |||| 00| 0 eng d |
| 100 ## - MAIN ENTRY--PERSONAL NAME | |
| Personal name | Urdaundo, Mark Vincent R. |
| Relator term | researcher |
| 245 ## - TITLE STATEMENT | |
| Title | <a href="Web-Based Management Information System for EMB Diagnostic Laboratory Clinic – Delia /">Web-Based Management Information System for EMB Diagnostic Laboratory Clinic – Delia /</a> |
| Statement of responsibility, etc | Mark Vincent R. Urdaundo, Erika Joyce H. Abedejos, Allona May R. Ison, Emelen A. Lopez, Gerard S. A. Mag-atas |
| 260 ## - PUBLICATION, DISTRIBUTION, ETC. (IMPRINT) | |
| Date of publication, distribution, etc | 2023 |
| 300 ## - PHYSICAL DESCRIPTION | |
| Extent | xiii, 136 leaves. |
| 502 ## - DISSERTATION NOTE | |
| Dissertation note | Undergraduate Thesis |
| Degree type | Bachelor of Science in Information Technology |
| Name of granting institution | <br/>University of Rizal System Binangonan Campus<br/> |
| Year degree granted | 2023 |
| 690 ## - Local Subject Access Fields (UN SDG) | |
| UN SDG | UN SDG 9: Industry, Innovation and Infrastructure |
| 700 ## - ADDED ENTRY--PERSONAL NAME | |
| Personal name | Abedejos, Erika Joyce H. |
| Relator term | researcher |
| 700 ## - ADDED ENTRY--PERSONAL NAME | |
| Personal name | Ison, Allona May R. |
| Relator term | researcher |
| 700 ## - ADDED ENTRY--PERSONAL NAME | |
| Personal name | Lopez, Emelen A. |
| Relator term | researcher |
| 700 ## - ADDED ENTRY--PERSONAL NAME | |
| Personal name | Sunga, Alking P. |
| Relator term | adviser |
| 856 ## - ELECTRONIC LOCATION AND ACCESS | |
| Materials specified | Online Request for Student Unpublished Works |
| Uniform Resource Identifier | https://forms.gle/7LqvGGkaDrUQqz429 |
| 942 ## - ADDED ENTRY ELEMENTS (KOHA) | |
| Source of classification or shelving scheme | Library of Congress Classification |
| Koha item type | Theses and dissertations |
| Withdrawn status | Source of classification or shelving scheme | Damaged status | Not for loan | Home library | Current library | Date acquired | Total Checkouts | Barcode | Date last seen | Price effective from | Koha item type |
|---|---|---|---|---|---|---|---|---|---|---|---|
| Library of Congress Classification | Binangonan College Library | Binangonan College Library | 04/07/2026 | URSBIN-UGT3066 | 04/07/2026 | 04/07/2026 | Theses and dissertations |